| 000 | 00430nam a2200145Ia 4500 | ||
|---|---|---|---|
| 008 | 211109s9999||||xx |||||||||||||| ||und|| | ||
| 082 |
_a894.433 _bTHA-A |
||
| 100 | _aThani, Yogaraj | ||
| 245 | 0 | _aAsiaee Khail Aur Bharat | |
| 260 |
_bNATIONAL BOOKSTALL _aKottayam _c1900 |
||
| 300 | _a127p. | ||
| 630 | _xGENERAL STACK | ||
| 650 |
_aLITERATURE AND RHETORIC _vLITERATURES OF OTHER LANGUAGES _xHINDI FICTIONGeneralia |
||
| 942 | _cBOOK | ||
| 999 |
_c86038 _d86038 |
||